[Event "SPICE Cup op"]
[Site "Bellevue USA"]
[Date "2025.11.23"]
[Round "7"]
[White "Zhou, Jianchao"]
[Black "Keleberda, Tymur"]
[Result "1-0"]
[WhiteElo "2591"]
[BlackElo "2370"]
[WhiteFideId "-1"]
[BlackFideId "-1"]
[PlyCount "69"]
[GameId "2247881874032144"]
[EventDate "2025.11.19"]
[EventType "swiss"]
[EventRounds "9"]
[EventCountry "USA"]
[SourceTitle "Mega2025 Update 56"]
[Source "Chessbase"]
[SourceDate "2025.11.28"]
[SourceVersion "1"]
[SourceVersionDate "2025.11.28"]
[SourceQuality "1"]

1. c4 Nf6 2. Nc3 c5 3. Nf3 Nc6 4. d4 cxd4 5. Nxd4 d5 6. Qa4 Qb6 7. cxd5 Qxd4 8. dxc6 Qxa4 9. Nxa4 bxc6 10. f3 e5 11. e4 Be6 12. Be3 Bb4+ 13. Kf2 Ke7 14. Ba6 Bc8 15. Be2 Be6 16. Rhc1 Rhc8 17. a3 Bd6 18. Rc3 Ne8 19. Rac1 Nc7 20. Rxc6 Bd7 21. R6c4 Rab8 22. Bxa7 Rb7 23. Bc5 Ne8 24. Bxd6+ Nxd6 25. Rxc8 Nxc8 26. Ba6 Rb8 27. b4 Nd6 28. Nc5 Ra8 29. Ra1 Bb5 30. Bxb5 Nxb5 31. a4 Nd4 32. Rc1 Kd6 33. b5 g6 34. Ke3 f5 35. f4 1-0

[Event "SPICE Cup op"]
[Site "Bellevue USA"]
[Date "2025.11.23"]
[Round "8"]
[White "Kaufman, Raymond"]
[Black "Keleberda, Tymur"]
[Result "1-0"]
[WhiteElo "2213"]
[BlackElo "2370"]
[WhiteFideId "-1"]
[BlackFideId "-1"]
[PlyCount "110"]
[GameId "2247881874032163"]
[EventDate "2025.11.19"]
[EventType "swiss"]
[EventRounds "9"]
[EventCountry "USA"]
[SourceTitle "Mega2025 Update 56"]
[Source "Chessbase"]
[SourceDate "2025.11.28"]
[SourceVersion "1"]
[SourceVersionDate "2025.11.28"]
[SourceQuality "1"]

1. d4 e6 2. c4 Nf6 3. g3 d5 4. Bg2 dxc4 5. Nf3 a6 6. O-O Nc6 7. Nc3 Nd5 8. e4 Nf6 9. Qa4 Bb4 10. Ne5 Bd7 11. Nxc6 Bxc3 12. Nxd8 Bxa4 13. Nxe6 fxe6 14. bxc3 O-O-O 15. Re1 Bc2 16. f3 Rhe8 17. Bf4 Bd3 18. Bh3 Kb8 19. a3 h6 20. Be5 Re7 21. Bxf6 gxf6 22. f4 c5 23. dxc5 Rc8 24. e5 f5 25. Kf2 Rxc5 26. g4 fxg4 27. Bxg4 Rb5 28. Ra2 Kc7 29. Ke3 Rb3 30. Rc1 Kc6 31. Bd1 Rb6 32. Ba4+ Kc5 33. Rg2 Rf7 34. Rcg1 Rb1 35. Rxb1 Bxb1 36. Be8 Re7 37. Bg6 Rg7 38. Be4 Rxg2 39. Bxg2 b5 40. Bh3 Kd5 41. Bg2+ Kc5 42. Be4 Bxe4 43. Kxe4 a5 44. f5 exf5+ 45. Kxf5 b4 46. axb4+ axb4 47. cxb4+ Kxb4 48. e6 c3 49. e7 c2 50. e8=Q c1=Q 51. Qb8+ Ka5 52. Qf4 Qc2+ 53. Kf6 Qc6+ 54. Kg7 Qg2+ 55. Kxh6 Qc6+ 1-0

[Event "Thursday 2025.11.13 1st"]
[Site "chess.com INT"]
[Date "2025.11.13"]
[Round "1"]
[White "Wang, Michael Lei"]
[Black "Keleberda, Tymur"]
[Result "1-0"]
[WhiteElo "1882"]
[BlackElo "2370"]
[WhiteFideId "-1"]
[BlackFideId "-1"]
[PlyCount "93"]
[GameId "2245365737277301"]
[EventDate "2025.11.13"]
[EventType "swiss (blitz)"]
[EventRounds "11"]
[EventCountry "NET"]
[SourceTitle "Mega2025 Update 55"]
[Source "Chessbase"]
[SourceDate "2025.11.21"]
[SourceVersion "1"]
[SourceVersionDate "2025.11.21"]
[SourceQuality "1"]

1. e4 e6 2. d3 d5 3. Qe2 Ne7 4. Nf3 c5 5. g3 g6 6. Bg2 Bg7 7. h4 h6 8. c3 O-O 9. Na3 b6 10. Bf4 Bb7 11. O-O-O Nbc6 12. Kb1 a6 13. Nc2 d4 14. Qd2 Kh7 15. cxd4 Nxd4 16. Ncxd4 cxd4 17. g4 a5 18. h5 g5 19. Bxg5 hxg5 20. Nxg5+ Kh8 21. h6 Bf6 22. Rh5 Ng6 23. f4 a4 24. a3 Ra5 25. f5 exf5 26. gxf5 Ne5 27. Nf3 Nxf3 28. Bxf3 Rg8 29. Qh2 Be5 30. Qh1 Qf6 31. h7 Rg3 32. Rh6 Qg7 33. Rxb6 Ba6 34. Rc6 Bb7 35. Rb6 Ba6 36. Rc1 Bxd3+ 37. Ka1 Ra8 38. Rbc6 Rf8 39. Rc8 Bd6 40. R8c6 Be7 41. Rd1 Bb5 42. Rcc1 Bg5 43. Rg1 Bf4 44. Rxg3 Bxg3 45. Rg1 Qe5 46. Qh3 Bf4 47. Qg2 1-0

[Event "Thursday 2025.11.13 1st"]
[Site "chess.com INT"]
[Date "2025.11.13"]
[Round "2"]
[White "Keleberda, Tymur"]
[Black "Ivanytska, Liudmyla"]
[Result "0-1"]
[WhiteElo "2370"]
[BlackElo "2041"]
[WhiteFideId "-1"]
[BlackFideId "-1"]
[PlyCount "90"]
[GameId "2245365737310142"]
[EventDate "2025.11.13"]
[EventType "swiss (blitz)"]
[EventRounds "11"]
[EventCountry "NET"]
[SourceTitle "Mega2025 Update 55"]
[Source "Chessbase"]
[SourceDate "2025.11.21"]
[SourceVersion "1"]
[SourceVersionDate "2025.11.21"]
[SourceQuality "1"]

1. e4 c5 2. Nf3 e6 3. Bd3 d5 4. exd5 exd5 5. Bb5+ Bd7 6. Bxd7+ Nxd7 7. O-O Be7 8. d4 Ngf6 9. dxc5 Nxc5 10. Nc3 O-O 11. Bf4 Nce4 12. Ne2 Rc8 13. Ned4 Qb6 14. Rb1 Bc5 15. c3 h6 16. h3 a5 17. a3 Rfe8 18. Qd3 Nh5 19. Be3 Qf6 20. Nc2 Nf4 21. Bxf4 Qxf4 22. Nfd4 h5 23. Rbe1 b6 24. Qf3 Qg5 25. Re2 Nd2 26. Rxd2 Qxd2 27. Qxh5 Bxd4 28. Nxd4 Re1 29. Rxe1 Qxe1+ 30. Kh2 Qxf2 31. Qxd5 Qf4+ 32. Kh1 Re8 33. Nf3 Qg3 34. Qd7 Re6 35. c4 g6 36. Qd8+ Kg7 37. Qd4+ Kh7 38. Qd2 Re7 39. b4 axb4 40. axb4 Qc7 41. Qc1 Rd7 42. c5 bxc5 43. bxc5 Rd5 44. c6 Rd6 45. Qf4 Rd1+ 0-1

[Event "Thursday 2025.11.13 1st"]
[Site "chess.com INT"]
[Date "2025.11.13"]
[Round "3"]
[White "Tureshbayev, Anuar"]
[Black "Keleberda, Tymur"]
[Result "0-1"]
[WhiteElo "2199"]
[BlackElo "2370"]
[WhiteFideId "-1"]
[BlackFideId "-1"]
[PlyCount "92"]
[GameId "2245365737338884"]
[EventDate "2025.11.13"]
[EventType "swiss (blitz)"]
[EventRounds "11"]
[EventCountry "NET"]
[SourceTitle "Mega2025 Update 55"]
[Source "Chessbase"]
[SourceDate "2025.11.21"]
[SourceVersion "1"]
[SourceVersionDate "2025.11.21"]
[SourceQuality "1"]

1. d4 Nf6 2. Bf4 e6 3. Nd2 d5 4. e3 Bd6 5. Ngf3 Bxf4 6. exf4 O-O 7. Bd3 c5 8. c3 b6 9. g4 Ba6 10. Bxa6 Nxa6 11. g5 Nh5 12. Ne5 Nxf4 13. Qg4 Ng6 14. Nxg6 fxg6 15. Qxe6+ Kh8 16. O-O-O cxd4 17. cxd4 Qxg5 18. Kb1 Nb4 19. h4 Qf4 20. h5 Rae8 21. Qd7 g5 22. h6 Qf5+ 23. Qxf5 Rxf5 24. hxg7+ Kxg7 25. Rdg1 h6 26. f3 Re2 27. Rd1 Rf4 28. a3 Nc6 29. Rhe1 Rxe1 30. Rxe1 Nxd4 31. Re7+ Rf7 32. Rxa7 Rxa7 33. b3 Rxa3 34. Kb2 Rxb3+ 35. Nxb3 Nxb3 36. Kxb3 Kf6 37. Kc3 Kf5 38. Kd4 Kf4 39. Kxd5 Kxf3 40. Kc6 g4 41. Kxb6 g3 42. Kc5 g2 43. Kd5 g1=Q 44. Ke6 h5 45. Kf6 h4 46. Kf5 h3 0-1

[Event "Thursday 2025.11.13 1st"]
[Site "chess.com INT"]
[Date "2025.11.13"]
[Round "4"]
[White "Keleberda, Tymur"]
[Black "Herpai, Jozsef Matyas"]
[Result "0-1"]
[WhiteElo "2370"]
[BlackElo "2218"]
[WhiteFideId "-1"]
[BlackFideId "-1"]
[PlyCount "98"]
[GameId "2245365737396352"]
[EventDate "2025.11.13"]
[EventType "swiss (blitz)"]
[EventRounds "11"]
[EventCountry "NET"]
[SourceTitle "Mega2025 Update 55"]
[Source "Chessbase"]
[SourceDate "2025.11.21"]
[SourceVersion "1"]
[SourceVersionDate "2025.11.21"]
[SourceQuality "1"]

1. e4 c5 2. Nf3 e6 3. c3 Nf6 4. e5 Nd5 5. d4 cxd4 6. cxd4 b6 7. Bc4 Bb7 8. O-O d6 9. Qe2 Nd7 10. Bxd5 Bxd5 11. Nc3 Bxf3 12. Qxf3 Be7 13. Qg3 dxe5 14. dxe5 g6 15. Rd1 O-O 16. Bh6 Re8 17. Rac1 Rc8 18. h4 Bxh4 19. Qf4 Be7 20. Rd4 Bc5 21. Rd3 Qc7 22. Re1 Be7 23. Rf3 f5 24. g4 Nc5 25. gxf5 exf5 26. Qc4+ Kh8 27. Nd5 Qd7 28. Nxe7 Qxe7 29. Qf4 Ne6 30. Qh2 Rc4 31. b3 Rg4+ 32. Rg3 Rxg3+ 33. Qxg3 Rc8 34. Kh2 Rc2 35. Kg1 Rc8 36. Rd1 Rd8 37. Rc1 Qd7 38. Qh3 Rc8 39. Rxc8+ Qxc8 40. Qh4 Kg8 41. Qf6 Qd7 42. a3 Qf7 43. Qh4 Ng7 44. b4 Ne8 45. Qc4 Ng7 46. Qc8+ Ne8 47. Qc6 Ng7 48. Qa8+ Ne8 49. Qxa7 f4 0-1

[Event "Thursday 2025.11.13 1st"]
[Site "chess.com INT"]
[Date "2025.11.13"]
[Round "5"]
[White "Navalgund, Niranjan"]
[Black "Keleberda, Tymur"]
[Result "1-0"]
[WhiteElo "2208"]
[BlackElo "2370"]
[WhiteFideId "-1"]
[BlackFideId "-1"]
[PlyCount "145"]
[GameId "2245365737437410"]
[EventDate "2025.11.13"]
[EventType "swiss (blitz)"]
[EventRounds "11"]
[EventCountry "NET"]
[SourceTitle "Mega2025 Update 55"]
[Source "Chessbase"]
[SourceDate "2025.11.21"]
[SourceVersion "1"]
[SourceVersionDate "2025.11.21"]
[SourceQuality "1"]

1. e4 e6 2. d4 d5 3. Bd3 dxe4 4. Bxe4 Nf6 5. Bf3 c5 6. Ne2 Nc6 7. Be3 cxd4 8. Nxd4 Bd7 9. O-O Nxd4 10. Qxd4 Bc6 11. Bxc6+ bxc6 12. c4 Qxd4 13. Bxd4 c5 14. Be5 Nd7 15. Bg3 Be7 16. Nc3 a6 17. Rfd1 Ra7 18. Bd6 Bxd6 19. Rxd6 Ke7 20. Rad1 Rc8 21. b3 Nf6 22. Na4 Nd5 23. Nb6 Rb8 24. R6xd5 exd5 25. Nxd5+ Kf8 26. f3 Re8 27. Kf2 g6 28. Rd3 Kg7 29. h3 a5 30. Nc3 Re5 31. Nb5 Rae7 32. Rd2 g5 33. g4 f5 34. Nc3 fxg4 35. hxg4 Rf7 36. Nd5 h5 37. gxh5 g4 38. f4 Rxh5 39. Kg3 Rh1 40. Kxg4 Kf8 41. Re2 Rg1+ 42. Kf3 Rfg7 43. Ne3 Rh1 44. Nf5 Rf7 45. Ng3 Rh4 46. f5 Rg7 47. f6 Rg6 48. Ne4 Rh5 49. Kf4 Kf7 50. Rd2 Rh4+ 51. Kf5 Rh5+ 52. Kf4 Rh4+ 53. Ke5 Rh5+ 54. Kd6 Rg4 55. Nxc5 Kxf6 56. Nd7+ Kg7 57. c5 Rg6+ 58. Kc7 Rh3 59. Rd6 Rc3 60. Kb6 Rg2 61. Kxa5 Rxa2+ 62. Kb4 Rcc2 63. Nb6 Ra7 64. Nd5 Rf7 65. c6 Rg2 66. c7 Rg4+ 67. Kc5 Rxc7+ 68. Nxc7 Rg5+ 69. Kc6 Rg1 70. Ne6+ Kf7 71. Nc5 Ke8 72. Re6+ Kf8 73. Nd7+ 1-0

[Event "Thursday 2025.11.13 1st"]
[Site "chess.com INT"]
[Date "2025.11.13"]
[Round "6"]
[White "Keleberda, Tymur"]
[Black "Ronka, Erik"]
[Result "0-1"]
[WhiteElo "2370"]
[BlackElo "2284"]
[WhiteFideId "-1"]
[BlackFideId "-1"]
[PlyCount "90"]
[GameId "2245365737462032"]
[EventDate "2025.11.13"]
[EventType "swiss (blitz)"]
[EventRounds "11"]
[EventCountry "NET"]
[SourceTitle "Mega2025 Update 55"]
[Source "Chessbase"]
[SourceDate "2025.11.21"]
[SourceVersion "1"]
[SourceVersionDate "2025.11.21"]
[SourceQuality "1"]

1. e4 c5 2. Nf3 e6 3. c3 Nf6 4. e5 Nd5 5. d4 cxd4 6. cxd4 d6 7. Bc4 Nc6 8. Qe2 Be7 9. O-O O-O 10. Rd1 Na5 11. Bd3 Nb4 12. Nc3 Nxd3 13. Rxd3 b6 14. Re3 d5 15. Ne1 Nc6 16. Qd1 f6 17. Rh3 Qe8 18. exf6 Bxf6 19. Be3 e5 20. dxe5 Bxe5 21. Rh4 d4 22. Bxd4 Nxd4 23. Rxd4 Bxd4 24. Qxd4 Bb7 25. Nc2 Rd8 26. Qb4 Qf7 27. Qb3 Qxb3 28. axb3 Rd2 29. Ne3 Rfxf2 30. Rxa7 Bxg2 31. Ra1 Bh3 32. Ne4 Rg2+ 33. Nxg2 Rxg2+ 34. Kh1 Rxb2 35. Ng5 Bg2+ 36. Kg1 h6 37. Ne6 Bd5 38. Nf4 Bxb3 39. Ra8+ Kf7 40. Ra7+ Kf6 41. Nh5+ Kf5 42. Nxg7+ Kf4 43. Rc7 Bd5 44. Rc3 Rg2+ 45. Kf1 Rxh2 0-1

[Event "Titled Tuesday 2025.04.11"]
[Site "chess.com INT"]
[Date "2025.11.04"]
[Round "1"]
[White "Mukhsinov, Mukhammad Yusuf"]
[Black "Keleberda, Tymur"]
[Result "0-1"]
[WhiteElo "2113"]
[BlackElo "2370"]
[WhiteFideId "-1"]
[BlackFideId "-1"]
[PlyCount "82"]
[GameId "2242815124938100"]
[EventDate "2025.11.04"]
[EventType "swiss (blitz)"]
[EventRounds "11"]
[EventCountry "NET"]
[SourceTitle "Mega2025 Update 54"]
[Source "Chessbase"]
[SourceDate "2025.11.15"]
[SourceVersion "1"]
[SourceVersionDate "2025.11.15"]
[SourceQuality "1"]

1. e4 e6 2. Qe2 c5 3. Nf3 Nc6 4. g3 d6 5. Bg2 g6 6. d3 Bg7 7. O-O Nge7 8. c3 O-O 9. Be3 h6 10. Qd2 Kh7 11. Na3 b6 12. Ne1 Bb7 13. f4 f5 14. Nf3 Qd7 15. Rae1 Rad8 16. Nh4 fxe4 17. dxe4 d5 18. e5 d4 19. Bf2 dxc3 20. Qxc3 Nd4 21. Nc4 Bxg2 22. Nxg2 Qc6 23. Bxd4 Rxd4 24. Rd1 Rfd8 25. Qc2 Rxd1 26. Rxd1 Rxd1+ 27. Qxd1 Qd5 28. Qc2 Nf5 29. Nce3 Qd4 30. Qf2 Qd3 31. Nxf5 gxf5 32. Ne3 Qb1+ 33. Kg2 Qxa2 34. g4 fxg4 35. f5 Bxe5 36. Nxg4 Qd5+ 37. Kh3 Bd4 38. Qf4 Qxf5 39. Qxh6+ Kg8 40. b3 Bf2 41. Qh4 Qf3+ 0-1

[Event "Titled Tuesday 2025.04.11"]
[Site "chess.com INT"]
[Date "2025.11.04"]
[Round "2"]
[White "Keleberda, Tymur"]
[Black "Bok, Benjamin"]
[Result "0-1"]
[WhiteElo "2370"]
[BlackElo "2588"]
[WhiteFideId "-1"]
[BlackFideId "-1"]
[PlyCount "190"]
[GameId "2242815124995564"]
[EventDate "2025.11.04"]
[EventType "swiss (blitz)"]
[EventRounds "11"]
[EventCountry "NET"]
[SourceTitle "Mega2025 Update 54"]
[Source "Chessbase"]
[SourceDate "2025.11.15"]
[SourceVersion "1"]
[SourceVersionDate "2025.11.15"]
[SourceQuality "1"]

1. e4 c5 2. Nf3 d6 3. c3 Nf6 4. Be2 g6 5. Qc2 Qc7 6. O-O Bg7 7. d3 O-O 8. Nbd2 e5 9. Rd1 Nc6 10. Nf1 h6 11. Ng3 d5 12. a3 Be6 13. b4 dxe4 14. Nxe4 Nxe4 15. dxe4 c4 16. a4 b6 17. Ba3 Rfd8 18. Rxd8+ Rxd8 19. Rd1 a6 20. Rxd8+ Nxd8 21. Qd1 Nb7 22. Ne1 Qc6 23. f3 h5 24. h4 Bh6 25. Kf2 Kg7 26. g3 b5 27. axb5 axb5 28. Bc1 Qb6+ 29. Kg2 Bxc1 30. Qxc1 Nd6 31. Nc2 Nc8 32. Qd2 Qc7 33. Ne3 Nb6 34. f4 exf4 35. gxf4 Na4 36. Bf3 Qe7 37. Kg3 Qf6 38. e5 Qe7 39. Qd4 Qd7 40. Bd5 Qd8 41. Qd2 Bxd5 42. Qxd5 Qb6 43. Qd4 Qxd4 44. cxd4 Nc3 45. d5 Kf8 46. Kf3 Ke7 47. d6+ Ke6 48. Nc2 Kd7 49. Ke3 Nd5+ 50. Ke4 Nb6 51. Nd4 c3 52. Kd3 Nd5 53. Nxb5 Nxb4+ 54. Kxc3 Nd5+ 55. Kc4 Nxf4 56. Nd4 Ng2 57. Nf3 Ne3+ 58. Kd4 Nf5+ 59. Kd5 Ne3+ 60. Ke4 Nf5 61. Ng5 f6 62. exf6 Kxd6 63. f7 Ke7 64. Nf3 Kxf7 65. Kf4 Kg7 66. Ke4 Nd6+ 67. Kf4 Nf7 68. Kg3 Kf6 69. Kf4 Nd8 70. Ke4 Ne6 71. Ne5 Ng7 72. Kf4 Nf5 73. Nf3 Nd6 74. Kg3 Ne8 75. Kf4 Ng7 76. Ke4 Ne6 77. Ke3 Kf5 78. Ne1 Nf4 79. Nd3 Nxd3 80. Kxd3 Kg4 81. Ke2 Kxh4 82. Kf1 Kg4 83. Kg1 h4 84. Kf1 g5 85. Kg1 Kf4 86. Kh1 g4 87. Kh2 g3+ 88. Kg2 Kg4 89. Kg1 Kf3 90. Kh1 g2+ 91. Kg1 h3 92. Kh2 Kf2 93. Kxh3 g1=Q 94. Kh4 Qg6 95. Kh3 Qh5# 0-1

[Event "Titled Tuesday 2025.04.11"]
[Site "chess.com INT"]
[Date "2025.11.04"]
[Round "3"]
[White "Swara, Lakshmi S Nair"]
[Black "Keleberda, Tymur"]
[Result "0-1"]
[WhiteElo "2104"]
[BlackElo "2370"]
[WhiteFideId "-1"]
[BlackFideId "-1"]
[PlyCount "120"]
[GameId "2242815125028408"]
[EventDate "2025.11.04"]
[EventType "swiss (blitz)"]
[EventRounds "11"]
[EventCountry "NET"]
[SourceTitle "Mega2025 Update 54"]
[Source "Chessbase"]
[SourceDate "2025.11.15"]
[SourceVersion "1"]
[SourceVersionDate "2025.11.15"]
[SourceQuality "1"]

1. e4 e6 2. d4 d5 3. Nd2 c5 4. exd5 Qxd5 5. Ngf3 cxd4 6. Bc4 Qd6 7. O-O Nf6 8. Nb3 Nc6 9. Nbxd4 Nxd4 10. Nxd4 a6 11. c3 Be7 12. Qe2 O-O 13. Re1 b5 14. Bd3 Bb7 15. Bg5 Qd5 16. Nf3 Rfd8 17. Rad1 Qxa2 18. Ne5 h6 19. Bh4 Kf8 20. c4 bxc4 21. Bxc4 Qa5 22. Nxf7 Rxd1 23. Rxd1 Qh5 24. Bxf6 Qxe2 25. Bxe7+ Kxf7 26. Bxe2 Kxe7 27. f4 Bd5 28. Kf2 a5 29. Bf3 Bxf3 30. Kxf3 Rb8 31. Ra1 Rb3+ 32. Ke4 Rxb2 33. Kf3 Rb5 34. g3 h5 35. Ke4 Kf6 36. Ra2 Rb4+ 37. Kf3 a4 38. h3 e5 39. fxe5+ Kxe5 40. g4 Rb3+ 41. Kg2 a3 42. Re2+ Kf6 43. Re8 hxg4 44. hxg4 Kg5 45. Re4 Kh4 46. Ra4 Rg3+ 47. Kh2 Re3 48. Kg2 g5 49. Kf2 Rg3 50. Ra8 Kxg4 51. Ra4+ Kh3 52. Ra8 a2 53. Kf1 Rf3+ 54. Kg1 Rg3+ 55. Kf1 Rb3 56. Rxa2 g4 57. Ra8 Rb1+ 58. Ke2 Kg2 59. Ke3 g3 60. Kf4 Rb4+ 0-1

[Event "Titled Tuesday 2025.04.11"]
[Site "chess.com INT"]
[Date "2025.11.04"]
[Round "4"]
[White "Durarbayli, Vasif"]
[Black "Keleberda, Tymur"]
[Result "1-0"]
[WhiteElo "2612"]
[BlackElo "2370"]
[WhiteFideId "-1"]
[BlackFideId "-1"]
[PlyCount "93"]
[GameId "2242815125069442"]
[EventDate "2025.11.04"]
[EventType "swiss (blitz)"]
[EventRounds "11"]
[EventCountry "NET"]
[SourceTitle "Mega2025 Update 54"]
[Source "Chessbase"]
[SourceDate "2025.11.15"]
[SourceVersion "1"]
[SourceVersionDate "2025.11.15"]
[SourceQuality "1"]

1. e4 e6 2. d4 d5 3. e5 c5 4. c3 Bd7 5. Nf3 Qb6 6. Bd3 cxd4 7. O-O dxc3 8. Nxc3 Ne7 9. Be3 Qd8 10. h4 Nec6 11. Re1 Be7 12. h5 Na6 13. Rc1 h6 14. a3 Na5 15. Nd2 Rc8 16. Qg4 Kf8 17. b4 Nc6 18. Nf3 Nc7 19. Rc2 d4 20. Bxd4 Nd5 21. Nxd5 exd5 22. e6 Bxe6 23. Qxg7+ Ke8 24. Qxh8+ Kd7 25. Qxd8+ Rxd8 26. Ne5+ Ke8 27. Nxc6 bxc6 28. Rxc6 a5 29. Rcxe6 fxe6 30. Rxe6 Kf7 31. Rxh6 axb4 32. axb4 Bxb4 33. g4 Rg8 34. Rg6 Ra8 35. h6 Be7 36. Rg7+ Ke6 37. Rxe7+ Kxe7 38. h7 Kf7 39. h8=Q Rxh8 40. Bxh8 d4 41. Kg2 Kg8 42. Be5 Kf7 43. Kf3 Ke6 44. Ke4 Kf7 45. Kf5 Ke7 46. g5 Kf7 47. g6+ 1-0

[Event "Titled Tuesday 2025.10.07"]
[Site "chess.com INT"]
[Date "2025.10.07"]
[Round "1"]
[White "Keleberda, Tymur"]
[Black "Le Tuan Minh"]
[Result "1-0"]
[WhiteElo "2365"]
[BlackElo "2598"]
[WhiteFideId "-1"]
[BlackFideId "-1"]
[PlyCount "153"]
[GameId "2232578213756623"]
[EventDate "2025.10.07"]
[EventType "swiss (blitz)"]
[EventRounds "11"]
[EventCountry "NET"]
[SourceTitle "The Week in Chess 1614"]
[Source "Mark Crowther"]
[SourceDate "2025.10.13"]
[SourceVersion "1"]
[SourceVersionDate "2025.10.13"]
[SourceQuality "2"]

1. e4 e5 2. Nf3 Nc6 3. Bc4 Bc5 4. c3 Nf6 5. d4 exd4 6. e5 d5 7. Bb5 Ne4 8. cxd4 Bb6 9. Nc3 O-O 10. Be3 Bg4 11. h3 Bh5 12. Qc2 Bg6 13. Qb3 Ne7 14. O-O c6 15. Bd3 Nd2 16. Nxd2 Bxd3 17. Rfe1 Bf5 18. Na4 f6 19. exf6 gxf6 20. Nxb6 axb6 21. Bh6 Rf7 22. Rac1 Bg6 23. Nf1 Nf5 24. Be3 b5 25. a3 Kh8 26. Ng3 Nd6 27. Bf4 Nc4 28. Re2 Re7 29. Rce1 Rxe2 30. Rxe2 Qd7 31. Qb4 Re8 32. Rxe8+ Qxe8 33. b3 Nb2 34. Qd6 Kg7 35. Qc7+ Qf7 36. Qd8 Nd3 37. Bd6 Nc1 38. f4 Bd3 39. Kf2 h6 40. f5 Kh7 41. Be7 Qg8 42. Qd7 Qf7 43. Nh5 Be4 44. Nxf6+ Kg7 45. Nxe4 dxe4 46. f6+ Kh7 47. Qf5+ Qg6 48. Qxg6+ Kxg6 49. Ke3 Nxb3 50. Kxe4 Nd2+ 51. Ke5 Kf7 52. Kd6 Nb3 53. d5 c5 54. Kc7 c4 55. Bb4 Nd4 56. d6 Ne6+ 57. Kxb7 Ke8 58. Kc6 Nd8+ 59. Kxb5 Kd7 60. Kxc4 Nf7 61. Kd5 Nd8 62. a4 Nf7 63. a5 h5 64. a6 Kc8 65. a7 Kb7 66. Ke6 Nd8+ 67. Kd7 Nc6 68. f7 Ne5+ 69. Ke6 Nc6 70. f8=Q Nd4+ 71. Kd7 Nc6 72. Qd8 Ne5+ 73. Ke7 Nc6+ 74. Ke8 Ne5 75. Qc7+ Ka6 76. d7 Kb5 77. Qc6+ 1-0

[Event "Titled Tuesday 2025.10.07"]
[Site "chess.com INT"]
[Date "2025.10.07"]
[Round "2"]
[White "Keleberda, Tymur"]
[Black "Gabrielian, A."]
[Result "0-1"]
[WhiteElo "2365"]
[BlackElo "2407"]
[WhiteFideId "-1"]
[BlackFideId "-1"]
[PlyCount "76"]
[GameId "2232578213818202"]
[EventDate "2025.10.07"]
[EventType "swiss (blitz)"]
[EventRounds "11"]
[EventCountry "NET"]
[SourceTitle "The Week in Chess 1614"]
[Source "Mark Crowther"]
[SourceDate "2025.10.13"]
[SourceVersion "1"]
[SourceVersionDate "2025.10.13"]
[SourceQuality "2"]

1. e4 c6 2. d4 d5 3. e5 Bf5 4. h4 Qc7 5. g4 Bd7 6. h5 h6 7. c3 e6 8. Na3 c5 9. Nc2 Nc6 10. f4 O-O-O 11. Nf3 Kb8 12. Be3 f6 13. Bg2 Nge7 14. O-O fxe5 15. fxe5 g6 16. Nh4 gxh5 17. gxh5 Rg8 18. Kh1 Be8 19. Rf6 Nf5 20. Nxf5 exf5 21. Qf3 Be7 22. Rxf5 Bd7 23. Rf7 Be6 24. Bxh6 Bxf7 25. Qxf7 cxd4 26. Nxd4 Nxe5 27. Qf5 Ng4 28. Bf4 Nf2+ 29. Kg1 Nh3+ 30. Qxh3 Qxf4 31. Rf1 Qd2 32. Kh1 Bd6 33. Nf5 Bc7 34. h6 Qxb2 35. h7 Rh8 36. Qh6 Qc2 37. Qg7 a6 38. Bxd5 Qh2# 0-1

[Event "Titled Tuesday 2025.10.07"]
[Site "chess.com INT"]
[Date "2025.10.07"]
[Round "3"]
[White "Ashraf, Artin"]
[Black "Keleberda, Tymur"]
[Result "1-0"]
[WhiteElo "2470"]
[BlackElo "2365"]
[WhiteFideId "-1"]
[BlackFideId "-1"]
[PlyCount "53"]
[GameId "2232578213867472"]
[EventDate "2025.10.07"]
[EventType "swiss (blitz)"]
[EventRounds "11"]
[EventCountry "NET"]
[SourceTitle "The Week in Chess 1614"]
[Source "Mark Crowther"]
[SourceDate "2025.10.13"]
[SourceVersion "1"]
[SourceVersionDate "2025.10.13"]
[SourceQuality "2"]

1. e4 e6 2. Qe2 c5 3. Nf3 Nc6 4. g3 g6 5. Bg2 Bg7 6. O-O d6 7. c3 Nge7 8. d4 cxd4 9. cxd4 Nxd4 10. Nxd4 Bxd4 11. Bh6 Nc6 12. Nc3 a6 13. Rad1 Qf6 14. e5 Qxe5 15. Ne4 Bd7 16. Bf4 Qg7 17. Nxd6+ Kf8 18. Nxb7 e5 19. Nc5 Be8 20. Be3 Ra7 21. Rfe1 Bxe3 22. Qxe3 Qf6 23. Ne4 Qe7 24. Qh6+ Kg8 25. Rd6 f5 26. Nf6+ Kf7 27. Bd5+ 1-0

[Event "Titled Tuesday 2025.10.07"]
[Site "chess.com INT"]
[Date "2025.10.07"]
[Round "4"]
[White "Yeung, Jason"]
[Black "Keleberda, Tymur"]
[Result "0-1"]
[WhiteElo "2158"]
[BlackElo "2365"]
[WhiteFideId "-1"]
[BlackFideId "-1"]
[PlyCount "146"]
[GameId "2232578213986519"]
[EventDate "2025.10.07"]
[EventType "swiss (blitz)"]
[EventRounds "11"]
[EventCountry "NET"]
[SourceTitle "The Week in Chess 1614"]
[Source "Mark Crowther"]
[SourceDate "2025.10.13"]
[SourceVersion "1"]
[SourceVersionDate "2025.10.13"]
[SourceQuality "2"]

1. e4 c5 2. Nf3 d6 3. Bb5+ Nd7 4. O-O Ngf6 5. Re1 g6 6. c3 a6 7. Bf1 Bg7 8. d4 O-O 9. e5 Ne8 10. Bf4 d5 11. Qd2 Nc7 12. Bh6 Ne6 13. Na3 Re8 14. Rad1 cxd4 15. cxd4 Bh8 16. h4 Ng7 17. Nc2 Nf8 18. Ne3 Nf5 19. Nxf5 Bxf5 20. Rc1 Ne6 21. h5 gxh5 22. Nh4 Bg6 23. f4 Bg7 24. f5 Nxd4 25. Bxg7 Nxf5 26. Nxf5 Bxf5 27. Qg5 Bg6 28. Qh6 Qb6+ 29. Kh1 Qe6 30. Rc3 Rad8 31. Rf3 Be4 32. Rf6 exf6 33. Bxf6 Qg4 34. Bxd8 Rxd8 35. Qf6 Re8 36. Re3 Re6 37. Qf2 Rg6 38. Rc3 h4 39. Kh2 Qg5 40. Qd4 Qf4+ 41. Kg1 Re6 42. Bd3 Qxe5 43. Rc8+ Kg7 44. Qc5 Bxd3 45. Qf8+ Kg6 46. Qg8+ Qg7 47. Qxg7+ Kxg7 48. Rc7 b5 49. Rc3 Be4 50. Re3 Rg6 51. Re2 Rxg2+ 52. Rxg2+ Bxg2 53. Kxg2 Kf6 54. Kh3 d4 55. Kxh4 d3 56. Kg3 d2 57. Kf3 d1=Q+ 58. Ke4 Qb1+ 59. Kd5 Qxa2+ 60. Kc6 Qxb2 61. Kb6 Qc2 62. Kxa6 h5 63. Ka5 h4 64. Kb6 h3 65. Ka5 h2 66. Kb6 h1=R 67. Ka5 Rh3 68. Kb6 Rc3 69. Ka5 b4 70. Kb6 b3 71. Ka5 b2 72. Kb6 b1=R+ 73. Ka7 Ra3# 0-1